Statistics for Countries In World Cup 2002

Click here to take the quiz!

General Stats

  • This quiz has been taken 35 times
  • The average score is 28 of 32

Answer Stats

HintAnswer% Correct
Hosts/AsiaJapan
100%
North AmericaMexico
100%
Hosts/AsiaSouth Korea
100%
EuropeItaly
97%
EuropeSpain
97%
EuropeSweden
97%
North AmericaUnited States
97%
South AmericaArgentina
94%
EuropeBelgium
94%
South AmericaBrazil
94%
EuropeEngland
94%
EuropeGermany
94%
EuropePortugal
94%
AfricaCameroon
90%
EuropeCroatia
90%
EuropeFrance
87%
AfricaNigeria
87%
South AmericaParaguay
87%
AfricaSouth Africa
87%
South AmericaUruguay
87%
EuropeDenmark
84%
EuropeIreland
84%
EuropePoland
84%
EuropeRussia
84%
AsiaSaudi Arabia
84%
AfricaSenegal
84%
AfricaTunisia
84%
EuropeTurkey
84%
North AmericaCosta Rica
81%
South AmericaEcuador
81%
AsiaChina
77%
EuropeSlovenia
74%

Score Distribution

Percentile by Number Answered

Percent of People with Each Score

Your Score History

You have not taken this quiz